Handbook of Christian etiquette, (Record no. 9715)
[ view plain ]
| 000 -LEADER | |
|---|---|
| fixed length control field | 00717nam a2200265u 4500 |
| 001 - CONTROL NUMBER | |
| control field | 12655457 |
| 003 - CONTROL NUMBER IDENTIFIER | |
| control field | OSt |
| 005 - DATE AND TIME OF LATEST TRANSACTION | |
| control field | 20210121175159.0 |
| 008 - FIXED-LENGTH DATA ELEMENTS--GENERAL INFORMATION | |
| fixed length control field | 980303s1957 ilud 000 0 eng d |
| 010 ## - LIBRARY OF CONGRESS CONTROL NUMBER | |
| LC control number | MRC02917556 |
| 035 ## - SYSTEM CONTROL NUMBER | |
| System control number | tcgc258748 |
| 040 ## - CATALOGING SOURCE | |
| Transcribing agency | MvI |
| 050 00 - LIBRARY OF CONGRESS CALL NUMBER | |
| Classification number | BJ1853 |
| Item number | .R54 |
| 082 00 - DEWEY DECIMAL CLASSIFICATION NUMBER | |
| Classification number | 395 |
| 090 ## - LOCALLY ASSIGNED LC-TYPE CALL NUMBER (OCLC); LOCAL CALL NUMBER (RLIN) | |
| Classification number (OCLC) (R) ; Classification number, CALL (RLIN) (NR) | BJ1853 |
| Local cutter number (OCLC) ; Book number/undivided call number, CALL (RLIN) | .R54 |
| 100 1# - MAIN ENTRY--PERSONAL NAME | |
| Personal name | Riley, Marie Acomb, |
| Dates associated with a name | 1887- |
| 245 10 - TITLE STATEMENT | |
| Title | Handbook of Christian etiquette, |
| Statement of responsibility, etc. | by Mrs. William B. Riley ... |
| 246 3# - VARYING FORM OF TITLE | |
| Title proper/short title | Christian etiquette |
| 260 ## - PUBLICATION, DISTRIBUTION, ETC. | |
| Place of publication, distribution, etc. | Chicago : |
| Name of publisher, distributor, etc. | Moody Press, |
| Date of publication, distribution, etc. | [1957] |
| 300 ## - PHYSICAL DESCRIPTION | |
| Extent | 190 p. : |
| Other physical details | plates, diagrs. ; |
| Dimensions | 17 1/2 cm. |
| 500 ## - GENERAL NOTE | |
| General note | Preface signed : Marie Acomb Riley. |
| 650 #0 - SUBJECT ADDED ENTRY--TOPICAL TERM | |
| Topical term or geographic name entry element | Etiquette. |
| 650 #0 - SUBJECT ADDED ENTRY--TOPICAL TERM | |
| Topical term or geographic name entry element | Etiquette. |
| 942 ## - ADDED ENTRY ELEMENTS (KOHA) | |
| Source of classification or shelving scheme | Dewey Decimal Classification |
| Koha item type | Books |
| Withdrawn status | Lost status | Source of classification or shelving scheme | Damaged status | Not for loan | Collection code | Home library | Current library | Shelving location | Date acquired | Total Checkouts | Full call number | Barcode | Date last seen | Price effective from | Koha item type |
|---|---|---|---|---|---|---|---|---|---|---|---|---|---|---|---|
| Dewey Decimal Classification | Non-fiction | Harvest Mission College | Harvest Mission College | General Stacks | 03.02.2021 | 395 R573H | 011134 | 03.02.2021 | 03.02.2021 | Books |
